<?xml version="1.0" encoding="UTF-8"?>
<collection xmlns="http://www.loc.gov/MARC21/slim">
 <record>
  <leader>01873nam a2200241Ia 4500</leader>
  <controlfield tag="001">CTU_102476</controlfield>
  <controlfield tag="008">210402s9999    xx            000 0 und d</controlfield>
  <datafield tag="020" ind1=" " ind2=" ">
   <subfield code="c">75.16</subfield>
  </datafield>
  <datafield tag="082" ind1=" " ind2=" ">
   <subfield code="a">664</subfield>
  </datafield>
  <datafield tag="082" ind1=" " ind2=" ">
   <subfield code="b">F322</subfield>
  </datafield>
  <datafield tag="100" ind1=" " ind2=" ">
   <subfield code="a">Fellows, P. J.</subfield>
  </datafield>
  <datafield tag="245" ind1=" " ind2="0">
   <subfield code="a">Food processing technology :</subfield>
  </datafield>
  <datafield tag="245" ind1=" " ind2="0">
   <subfield code="b">Principles and practices</subfield>
  </datafield>
  <datafield tag="245" ind1=" " ind2="0">
   <subfield code="c">P. J. Fellows</subfield>
  </datafield>
  <datafield tag="260" ind1=" " ind2=" ">
   <subfield code="a">Cambridge, UK</subfield>
  </datafield>
  <datafield tag="260" ind1=" " ind2=" ">
   <subfield code="b">Woodhead</subfield>
  </datafield>
  <datafield tag="260" ind1=" " ind2=" ">
   <subfield code="c">2000</subfield>
  </datafield>
  <datafield tag="520" ind1=" " ind2=" ">
   <subfield code="a">Introduces students of food science and technology or biotechnology to the wide range of processing techniques that are used in food processing. It is a comprehensive-- yet basic -- text which offers an overview of most unit operations, while at the same time providing details of the processing equipment, operating conditions and the effects of processing on the biochemistry of foods. It also explores the sensory and nutritional qualities of such foods.</subfield>
  </datafield>
  <datafield tag="526" ind1=" " ind2=" ">
   <subfield code="a">Máy và thiết bị chế biến thực phẩm,Thực tập ngành nghề - CKCB,Kỹ thuật chế biến nhiệt thực phẩm,TT. Máy và thiết bị chế biến thực phẩm,Thực tập chuyên ngành ngoài trường,Thực tập kỹ thuật cơ sở công nghệ thực phẩm,Kỹ thuật lạnh thực phẩm,Bảo quản và chế biến sản phẩm chăn nuôi,Các quá trình và thiết bị ứng dụng trong công nghệ sau thu hoạch,Bảo quản và chế biến nông sản,Nguyên lý bảo quản và chế biến thực phẩm,Quá trình nhiệt độ thấp trong chế biến thực phẩm</subfield>
  </datafield>
  <datafield tag="526" ind1=" " ind2=" ">
   <subfield code="b">CN553,KC285,NS323,CN427,NN790,NS327,NS324,NNN626,NNH601,CS620,NN180,NN672</subfield>
  </datafield>
  <datafield tag="650" ind1=" " ind2=" ">
   <subfield code="a">Food industry and trade</subfield>
  </datafield>
  <datafield tag="904" ind1=" " ind2=" ">
   <subfield code="i">Truc, H.Mai</subfield>
  </datafield>
  <datafield tag="980" ind1=" " ind2=" ">
   <subfield code="a">Trung tâm Học liệu Trường Đại học Cần Thơ</subfield>
  </datafield>
 </record>
</collection>
